Aunque no fuera octubre /
Збережено в:
| Автор: | |
|---|---|
| Інші автори: | |
| Формат: | Книга |
| Мова: | Spanish |
| Опубліковано: |
Panama :
E. Meléndez,
1983
|
| Предмети: | |
| Теги: |
Додати тег
Немає тегів, Будьте першим, хто поставить тег для цього запису!
|
MARC
| LEADER | 00000nam a22000007a 4500 | ||
|---|---|---|---|
| 001 | 4765118 | ||
| 005 | 20140619081043.0 | ||
| 008 | 850412s1983 pn a 000 0 spa | ||
| 040 | |a DLC |c DLC |d CRU CIICLA Universidad de Costa Rica | ||
| 082 | |a P861.44 |b M519a | ||
| 100 | 1 | |a Meléndez, Euclides, |c 1950- | |
| 245 | 1 | 0 | |a Aunque no fuera octubre / |c Euclides Meléndez ; [dibujos, Efraín Espino] |
| 260 | |a Panama : |b E. Meléndez, |c 1983 | ||
| 300 | |a 39 páginas |b ilustraciones | ||
| 650 | 1 | 0 | |9 52 |a LITERATURA PANAMEÑA |v POESIA |
| 700 | 1 | 2 | |a Espino, Efraín |j ilustrador |
| 942 | |2 ddc |c BK | ||
| 999 | |c 3301 |d 3301 | ||
